000
00311nam a2200121Ia 4500
008
190216s9999||||xx |||||||||||||| ||und||
100
_a
Soni P L & Chawla H M
245
0
_a
Text Book Of Organic Chemistry
260
_b
Sulthan Chand&Sons
_c
2003
300
_a
1449
650
_a
Organic Chemistry
942
_c
BK
999
_c
2060
_d
2060